<?xml version="1.0" encoding="UTF-8"?>
<record
    xmlns:xsi="http://www.w3.org/2001/XMLSchema-instance"
    xsi:schemaLocation="http://www.loc.gov/MARC21/slim http://www.loc.gov/standards/marcxml/schema/MARC21slim.xsd"
    xmlns="http://www.loc.gov/MARC21/slim">

  <leader>00329nam a2200145Ia 4500</leader>
  <controlfield tag="003">OSt</controlfield>
  <controlfield tag="008">191201s2016    xx            000 0 und d</controlfield>
  <datafield tag="082" ind1=" " ind2=" ">
    <subfield code="a">428.1</subfield>
    <subfield code="b">LEW</subfield>
  </datafield>
  <datafield tag="100" ind1=" " ind2=" ">
    <subfield code="a">LEWIS, Norman</subfield>
  </datafield>
  <datafield tag="245" ind1=" " ind2="0">
    <subfield code="a">Word Power Made Easy</subfield>
  </datafield>
  <datafield tag="250" ind1=" " ind2=" ">
    <subfield code="a">Rep</subfield>
  </datafield>
  <datafield tag="260" ind1=" " ind2=" ">
    <subfield code="c">2016</subfield>
    <subfield code="b">Goyal Publisher</subfield>
    <subfield code="a">New Delhi</subfield>
  </datafield>
  <datafield tag="300" ind1=" " ind2=" ">
    <subfield code="a">686</subfield>
  </datafield>
  <datafield tag="942" ind1=" " ind2=" ">
    <subfield code="2">ddc</subfield>
    <subfield code="c">BK</subfield>
  </datafield>
  <datafield tag="999" ind1=" " ind2=" ">
    <subfield code="c">7987</subfield>
    <subfield code="d">7987</subfield>
  </datafield>
  <datafield tag="952" ind1=" " ind2=" ">
    <subfield code="0">0</subfield>
    <subfield code="1">0</subfield>
    <subfield code="2">ddc</subfield>
    <subfield code="4">0</subfield>
    <subfield code="7">0</subfield>
    <subfield code="8">BCA</subfield>
    <subfield code="a">PIET</subfield>
    <subfield code="b">PIET</subfield>
    <subfield code="d">2019-05-15</subfield>
    <subfield code="e">Kirti Prakashan</subfield>
    <subfield code="g">179.00</subfield>
    <subfield code="k">IN3880</subfield>
    <subfield code="l">1</subfield>
    <subfield code="o">428.1 LEW</subfield>
    <subfield code="p">BC1313</subfield>
    <subfield code="r">2025-02-28 00:00:00</subfield>
    <subfield code="s">2025-02-18</subfield>
    <subfield code="v">143.20</subfield>
    <subfield code="w">2019-05-15</subfield>
    <subfield code="y">BK</subfield>
    <subfield code="z">Language</subfield>
  </datafield>
  <datafield tag="952" ind1=" " ind2=" ">
    <subfield code="0">0</subfield>
    <subfield code="1">0</subfield>
    <subfield code="2">ddc</subfield>
    <subfield code="4">0</subfield>
    <subfield code="7">0</subfield>
    <subfield code="8">BCA</subfield>
    <subfield code="a">PIET</subfield>
    <subfield code="b">PIET</subfield>
    <subfield code="d">2019-05-15</subfield>
    <subfield code="e">Kirti Prakashan</subfield>
    <subfield code="g">179.00</subfield>
    <subfield code="k">IN3880</subfield>
    <subfield code="l">5</subfield>
    <subfield code="o">428.1 LEW</subfield>
    <subfield code="p">BC1314</subfield>
    <subfield code="r">2022-03-30 00:00:00</subfield>
    <subfield code="s">2022-03-14</subfield>
    <subfield code="v">143.20</subfield>
    <subfield code="w">2019-05-15</subfield>
    <subfield code="y">BK</subfield>
  </datafield>
  <datafield tag="952" ind1=" " ind2=" ">
    <subfield code="0">0</subfield>
    <subfield code="1">0</subfield>
    <subfield code="2">ddc</subfield>
    <subfield code="4">0</subfield>
    <subfield code="7">0</subfield>
    <subfield code="8">BCA</subfield>
    <subfield code="a">PIET</subfield>
    <subfield code="b">PIET</subfield>
    <subfield code="d">2019-05-15</subfield>
    <subfield code="e">Kirti Prakashan</subfield>
    <subfield code="g">179.00</subfield>
    <subfield code="k">IN3880</subfield>
    <subfield code="l">4</subfield>
    <subfield code="o">428.1 LEW</subfield>
    <subfield code="p">BC1315</subfield>
    <subfield code="q">2026-11-09</subfield>
    <subfield code="r">2026-04-23 14:10:37</subfield>
    <subfield code="s">2026-04-23</subfield>
    <subfield code="v">143.20</subfield>
    <subfield code="w">2019-05-15</subfield>
    <subfield code="y">BK</subfield>
    <subfield code="z">Language</subfield>
  </datafield>
  <datafield tag="952" ind1=" " ind2=" ">
    <subfield code="0">0</subfield>
    <subfield code="1">0</subfield>
    <subfield code="2">ddc</subfield>
    <subfield code="4">0</subfield>
    <subfield code="7">0</subfield>
    <subfield code="8">BCA</subfield>
    <subfield code="a">PIET</subfield>
    <subfield code="b">PIET</subfield>
    <subfield code="d">2019-05-15</subfield>
    <subfield code="e">Kirti Prakashan</subfield>
    <subfield code="g">179.00</subfield>
    <subfield code="k">IN3880</subfield>
    <subfield code="l">0</subfield>
    <subfield code="o">428.1 LEW</subfield>
    <subfield code="p">BC1316</subfield>
    <subfield code="r">2019-12-04 00:00:00</subfield>
    <subfield code="v">143.20</subfield>
    <subfield code="w">2019-05-15</subfield>
    <subfield code="y">BK</subfield>
    <subfield code="z">Language</subfield>
  </datafield>
  <datafield tag="952" ind1=" " ind2=" ">
    <subfield code="0">0</subfield>
    <subfield code="1">0</subfield>
    <subfield code="2">ddc</subfield>
    <subfield code="4">0</subfield>
    <subfield code="7">0</subfield>
    <subfield code="8">BCA</subfield>
    <subfield code="a">PIET</subfield>
    <subfield code="b">PIET</subfield>
    <subfield code="d">2019-05-15</subfield>
    <subfield code="e">Kirti Prakashan</subfield>
    <subfield code="g">179.00</subfield>
    <subfield code="k">IN3880</subfield>
    <subfield code="l">1</subfield>
    <subfield code="o">428.1 LEW</subfield>
    <subfield code="p">BC1317</subfield>
    <subfield code="r">2021-08-17 00:00:00</subfield>
    <subfield code="s">2021-07-21</subfield>
    <subfield code="v">143.20</subfield>
    <subfield code="w">2019-05-15</subfield>
    <subfield code="y">BK</subfield>
    <subfield code="z">Language</subfield>
  </datafield>
  <datafield tag="952" ind1=" " ind2=" ">
    <subfield code="0">0</subfield>
    <subfield code="1">0</subfield>
    <subfield code="2">ddc</subfield>
    <subfield code="4">0</subfield>
    <subfield code="7">0</subfield>
    <subfield code="8">BCA</subfield>
    <subfield code="a">PIET</subfield>
    <subfield code="b">PIET</subfield>
    <subfield code="d">2019-05-15</subfield>
    <subfield code="e">Kirti Prakashan</subfield>
    <subfield code="g">179.00</subfield>
    <subfield code="k">IN3880</subfield>
    <subfield code="l">6</subfield>
    <subfield code="o">428.1 LEW</subfield>
    <subfield code="p">BC1318</subfield>
    <subfield code="r">2022-08-08 00:00:00</subfield>
    <subfield code="s">2022-07-08</subfield>
    <subfield code="v">143.20</subfield>
    <subfield code="w">2019-05-15</subfield>
    <subfield code="y">BK</subfield>
  </datafield>
</record>
